• 首页
  • 本馆介绍
  • 公告通知
  • 最新文献
  • 馆藏检索
  • 电子资源
  • 读者导购
  • 参考咨询
  • 我的图书馆
  • 登录
  • 详细信息显示
  • 放入我的书架
  • 预约/预借图书
  • 作者相关作品
  • 分类相关作品
  • 丛书相关作品
  • 出版社相关作品

书目信息

  • 表格格式
  • 工作单格式
  • 卡片格式
题名:
巴金评传
    
 
作者: 陈丹晨 著
分册:  
出版信息: 石家庄   河北人民出版社  1981
页数: 312页
开本: 19cm
丛书名:
单 册:
中图分类: K825.6 , I206
科图分类:
主题词: 文学--中国
电子资源:
ISBN:
000 00628nam0 2200253 45
001 1551651394
005 20150128142122.72
010    @dCNY1.00
091    @aCN@b10086.563
100    @a19950628d1981 em y0chiy0121 ea
101 0  @achi
102    @aCN@b130000
105    @ay z 000yb
200 10 @a巴金评传@Aba jin ping zhuan@f陈丹晨著
210    @a石家庄@c河北人民出版社@d1981
215    @a312页@d19cm
600  0 @a巴金@x评传
606 0  @a文学@x中国
690    @aK825.6@v3
690    @aI206@v4
701  0 @a陈丹晨@Achen dan chen@4著
801  0 @aCN@bTSSF@c20150128
801  2 @aCN@bNLC
905    @aZUCC@dI206@eJY46
    
    巴金评传/陈丹晨著.-石家庄:河北人民出版社,1981
    312页;19cm
    
    
    ISBN :CNY1.00
    
●
相关链接 在E读中查询图书 在五车中查询图书 在当当中查询图书 在豆瓣中查询图书


正题名:巴金评传     索取号:I206/JY46         预约/预借

序号 登录号 条形码 馆藏地/架位号 状态 备注
1 7837317   278373172   学院路分馆/ [索取号:I206/JY46] 在馆    
唐山师范学院图书馆 欢迎您!
大连网信软件有限公司© 版权所有